Experience with the product does not affect the anchoring effect, but the relevance of the anchor increases it

Efekt ukotvenia patrí k najviac skúmaným kognitívnym omylom v posudzovaní a jeho prítomnosť bola preukázaná v množstve domén a podmienok. Výskum na vzorke 100 adolescentov na Slovensku vo veku 18 až 18 rokov (62% žien) skúma vplyv relevantnosti kotvy a známosti produktu na ochotu zaplatiť zaň. Výsky...

Ausführliche Beschreibung

Gespeichert in:
Bibliographische Detailangaben
1. Verfasser: Bavoľár, Jozef
Format: Buchkapitel
Sprache:Englisch
Schlagworte:
Tags: Tag hinzufügen
Keine Tags, Fügen Sie das erste Tag hinzu!

MARC

LEADER 00000naa a2200000 4500
001 0229717
005 20220805075509.0
041 0 |a eng 
044 |a SK 
245 1 0 |a Experience with the product does not affect the anchoring effect, but the relevance of the anchor increases it  |c Jozef Bavoľár 
520 |a Efekt ukotvenia patrí k najviac skúmaným kognitívnym omylom v posudzovaní a jeho prítomnosť bola preukázaná v množstve domén a podmienok. Výskum na vzorke 100 adolescentov na Slovensku vo veku 18 až 18 rokov (62% žien) skúma vplyv relevantnosti kotvy a známosti produktu na ochotu zaplatiť zaň. Výskyt heuristiky ukotvenia a prispôsobenia bol potvrdený aj v slovenských podmienkach. Veľkosť efektu ukotvenia nie je ovplyvnená predchádzajúcou skúsenosťou s produktom, efekt je však väčší pri relevantných kotvách. Ak bola kotvou cena platená inými ľuďmi, efekt ukotvenia bol väčší, ako keď bol kotvou výsledok zjavne irelevantného matematického príkladu. 
610 2 0 |a ceny 
610 2 0 |a Slovensko 
610 2 0 |a výrobky 
610 2 0 |a zákazníci 
610 2 0 |a prieskum ponuky 
100 1 |a Bavoľár, Jozef